000
00313nam a2200133Ia 4500
005
20251222155140.0
008
251222s9999||||xx |||||||||||||| ||spa||
082
_a
MEQ.270
100
_a
Colombia.
245
0
_a
Manual práctico de primeros auxilios
250
_a
1ra. ed.
264
_b
Arquetipo
942
_c
LIB
999
_c
39139
_d
39139